¿ Qué es el medio ambiente ? : una pregunta fundamental para la educación ambiental (Record no. 150606)
[ view plain ]
| 000 -CABECERA | |
|---|---|
| campo de control de longitud fija | 00677nab a2200217 a 4500 |
| 005 - FECHA Y HORA DE LA ÚLTIMA TRANSACCIÓN | |
| campo de control | 20260227063944.0 |
| 008 - ELEMENTOS DE LONGITUD FIJA--INFORMACIÓN GENERAL | |
| campo de control de longitud fija | 991125s1985 mx 000 0 spa u |
| 035 ## - NÚMERO DE CONTROL DEL SISTEMA | |
| Número de control de sistema | UPN01000178503 |
| 100 1# - ASIENTO PRINCIPAL--NOMBRE PERSONAL | |
| Nombre de persona | Calixto Flores, Raúl |
| 9 (RLIN) | 28624 |
| 222 ## - TÍTULO CLAVE | |
| Título clave | ENTRE MAESTROS : |
| 222 ## - TÍTULO CLAVE | |
| Información calificativa | REVISTA PARA MAESTROS DE EDUCACION BASICA |
| 245 ## - MENCIÓN DE TÍTULO | |
| Título | ¿ Qué es el medio ambiente ? : una pregunta fundamental para la educación ambiental |
| 260 ## - PUBLICACIÓN, DISTRIBUCIÓN, ETC. | |
| Lugar de publicación, distribución, etc. | México |
| 300 ## - DESCRIPCIÓN FÍSICA | |
| Extensión | 56-63 |
| 362 0# - FECHAS DE PUBLICACIÓN Y/O DESIGNACIÓN SECUENCIAL | |
| Fecha de publicación y/o designación secuencial | 2009-2010 Vol. 9, no. 3, dic.-mar. |
| 653 0# - TERMINO DE INDIZACION - NO CONTROLADO | |
| Término no controlado | EDUCACION AMBIENTAL |
| 653 0# - TERMINO DE INDIZACION - NO CONTROLADO | |
| Término no controlado | EDUCACION CIENTIFICA |
| 653 0# - TERMINO DE INDIZACION - NO CONTROLADO | |
| Término no controlado | CONOCIMIENTO CIENTIFICO |
| 653 0# - TERMINO DE INDIZACION - NO CONTROLADO | |
| Término no controlado | PRACTICA DOCENTE |
| 905 ## - TIPO DE MATERIAL | |
| Tipo de material | Articulo |
No items available.
